[Event "Landesliga Nord 1011"]
[Site "Bayern"]
[Date "2011.04.10"]
[Round "9.7"]
[White "Schulte, Ralph"]
[Black "Lukas, Norbert"]
[Result "0-1"]
[WhiteElo "2038"]
[BlackElo "2030"]
[PlyCount "42"]
[EventDate "2010.10.10"]
[EventType "team-tourn"]
[EventRounds "9"]
[EventCountry "GER"]
[SourceTitle "EXT 2012"]
[Source "ChessBase"]
[SourceDate "2011.11.24"]
[SourceVersion "1"]
[SourceVersionDate "2011.11.24"]
[SourceQuality "1"]
[WhiteTeam "Zirndorf"]
[BlackTeam "Schweinfurt"]
[WhiteTeamCountry "GER"]
[BlackTeamCountry "GER"]

1. Nf3 d5 2. g3 Nf6 3. Bg2 g6 4. d3 Bg7 5. 0-0 0-0 6. Nbd2 Nbd7 7. e4 dxe4 8. dxe4 e5 9. Qe2 Qe7 10. Nc4 b5 11. Ne3 c6 12. a4 a5 13. axb5 cxb5 14. Rd1 b4 15. Nd5 Nxd5 16. Rxd5 a4 17. Qb5 Rb8 18. Qc6 Nb6 19. Rb5 Bd7 20. Qc7 Rfc8 21. Qa7 Qd6 0-1

[Event "Regionalliga NO 0304"]
[Site "Bayern"]
[Date "2004.03.07"]
[Round "7.1"]
[White "Schulte, Ralph"]
[Black "Appel, Helmut"]
[Result "1/2-1/2"]
[WhiteElo "2069"]
[BlackElo "2240"]
[PlyCount "58"]
[EventDate "2003.10.??"]
[EventType "team-tourn"]
[EventRounds "9"]
[EventCountry "GER"]
[SourceTitle "EXT 2006"]
[Source "ChessBase"]
[SourceDate "2005.11.24"]
[SourceVersion "1"]
[SourceVersionDate "2005.11.24"]
[SourceQuality "1"]
[WhiteTeam "Zirndorf II"]
[BlackTeam "Kareth Lappersdorf"]
[WhiteTeamCountry "GER"]
[BlackTeamCountry "GER"]

1. e4 e5 2. Nf3 Nc6 3. c3 d5 4. d3 h6 5. Nbd2 Be6 6. b4 Bd6 7. Bb2 a6 8. a3 Nge7 9. Qc2 Ng6 10. g3 0-0 11. Bg2 Qd7 12. h4 Rfe8 13. c4 d4 14. h5 Nf8 15. c5 Be7 16. Nc4 f6 17. Bc1 Reb8 18. Nh4 b6 19. Nf5 bxc5 20. bxc5 Bxc5 21. 0-0 Bb6 22. f4 Ra7 23. fxe5 Nxe5 24. Nxe5 fxe5 25. g4 Nh7 26. g5 hxg5 27. Qe2 c5 28. Qg4 Bd8 29. Qg3 Bf6 1/2-1/2

[Event "Regionalliga NO 0304"]
[Site "Bayern"]
[Date "2003.10.12"]
[Round "1.1"]
[White "Kordts, Wolfgang"]
[Black "Schulte, Ralph"]
[Result "1/2-1/2"]
[WhiteElo "2162"]
[BlackElo "2069"]
[PlyCount "66"]
[EventDate "2003.10.??"]
[EventType "team-tourn"]
[EventRounds "9"]
[EventCountry "GER"]
[SourceTitle "EXT 2006"]
[Source "ChessBase"]
[SourceDate "2005.11.24"]
[SourceVersion "1"]
[SourceVersionDate "2005.11.24"]
[SourceQuality "1"]
[WhiteTeam "Postbauer Heng"]
[BlackTeam "Zirndorf II"]
[WhiteTeamCountry "GER"]
[BlackTeamCountry "GER"]

1. d4 g6 2. c4 Bg7 3. Nc3 d6 4. e4 Nc6 5. Be3 e5 6. d5 Nce7 7. g4 f5 8. gxf5 gxf5 9. Qh5+ Ng6 10. exf5 Qh4 11. Qxh4 Nxh4 12. Nb5 Kd8 13. Nxa7 Bxf5 14. Nb5 Be4 15. f3 Bxf3 16. Nxf3 Nxf3+ 17. Kd1 Bh6 18. Bxh6 Nxh6 19. Be2 Nh4 20. Rg1 N6f5 21. Kd2 c6 22. dxc6 bxc6 23. Nc3 Kc7 24. Raf1 Rhg8 25. Rxg8 Rxg8 26. Rf2 Rg7 27. Bd3 Nd4 28. Be4 Ng6 29. Bxg6 hxg6 30. Ne2 Ne6 31. b4 Rh7 32. Rf6 Nf4 33. Nxf4 exf4 1/2-1/2

[Event "Regionalliga NO 0203"]
[Site "Bayern"]
[Date "2003.02.09"]
[Round "6.4"]
[White "Schulte, Ralph"]
[Black "Petzold, Vinzenz"]
[Result "1-0"]
[WhiteElo "2058"]
[BlackElo "2034"]
[PlyCount "69"]
[EventDate "2002.10.20"]
[EventType "team-tourn"]
[EventRounds "9"]
[EventCountry "GER"]
[SourceTitle "EXT 2004"]
[Source "ChessBase"]
[SourceDate "2003.11.25"]
[SourceVersion "1"]
[SourceVersionDate "2003.11.25"]
[SourceQuality "1"]
[WhiteTeam "Zirndorf II"]
[BlackTeam "Erlangen"]
[WhiteTeamCountry "GER"]
[BlackTeamCountry "GER"]

1. Nf3 c5 2. g3 b5 3. Bg2 Bb7 4. 0-0 Nf6 5. d3 e6 6. e4 d6 7. b3 Be7 8. Bb2 Nbd7 9. Nbd2 0-0 10. Qe2 Qc7 11. Nh4 Rfc8 12. f4 a5 13. g4 a4 14. g5 Ne8 15. Qg4 axb3 16. axb3 Rxa1 17. Bxa1 Ra8 18. f5 e5 19. f6 Bf8 20. Bh3 Nb6 21. fxg7 Nxg7 22. Qf3 Qe7 23. Qg2 Bc8 24. Bxc8 Nxc8 25. Nf5 Nxf5 26. exf5 Ra2 27. Ne4 Kh8 28. Qh3 Rxc2 29. g6 f6 30. Nxf6 h6 31. Ne4 Qe8 32. Qg4 d5 33. f6 dxe4 34. g7+ Kh7 35. g8Q# 1-0

[Event "Regionalliga NO 0203"]
[Site "Bayern"]
[Date "2002.11.17"]
[Round "2.4"]
[White "Schmahl, Stephan"]
[Black "Schulte, Ralph"]
[Result "1/2-1/2"]
[WhiteElo "2052"]
[BlackElo "2058"]
[PlyCount "82"]
[EventDate "2002.10.20"]
[EventType "team-tourn"]
[EventRounds "9"]
[EventCountry "GER"]
[SourceTitle "EXT 2004"]
[Source "ChessBase"]
[SourceDate "2003.11.25"]
[SourceVersion "1"]
[SourceVersionDate "2003.11.25"]
[SourceQuality "1"]
[WhiteTeam "Regensburg Eulenspiegel"]
[BlackTeam "Zirndorf II"]
[WhiteTeamCountry "GER"]
[BlackTeamCountry "GER"]

1. d4 Nf6 2. c4 e6 3. Nf3 b6 4. g3 Bb7 5. Bg2 c5 6. 0-0 cxd4 7. Nxd4 Bxg2 8. Kxg2 Be7 9. Nc3 0-0 10. e4 d6 11. f3 a6 12. Be3 Qc7 13. Na4 Nbd7 14. Rc1 Qb7 15. Nc3 Rfd8 16. Qe2 Bf8 17. Rfd1 Rac8 18. b3 g6 19. Qf2 Bg7 20. Nde2 Qb8 21. Rd2 b5 22. cxb5 axb5 23. Rcd1 b4 24. Na4 d5 25. exd5 Nxd5 26. Bd4 N7f6 27. Nb6 Nxb6 28. Bxb6 Rxd2 29. Rxd2 Nd5 30. Bd4 e5 31. Bb2 Qb7 32. Kg1 Bh6 33. f4 Nc3 34. Bxc3 bxc3 35. Rc2 Qe4 36. Rxc3 Rd8 37. Qe3 Rd1+ 38. Kf2 Qh1 39. Rc8+ Bf8 40. Qxe5 Qe1+ 41. Kf3 Rd3+ 1/2-1/2

[Event "Regionalliga NO 0102"]
[Site "Bayern"]
[Date "2002.04.28"]
[Round "9.1"]
[White "Hlavac, Rudolf"]
[Black "Schulte, Ralph"]
[Result "1/2-1/2"]
[WhiteElo "2115"]
[BlackElo "2080"]
[PlyCount "57"]
[EventDate "2001.10.07"]
[EventType "team-tourn"]
[EventRounds "9"]
[EventCountry "GER"]
[SourceTitle "EXT 2003"]
[Source "ChessBase"]
[SourceDate "2002.11.25"]
[SourceVersion "1"]
[SourceVersionDate "2002.11.25"]
[SourceQuality "1"]
[WhiteTeam "Weiden"]
[BlackTeam "Zirndorf II"]
[WhiteTeamCountry "GER"]
[BlackTeamCountry "GER"]

1. e4 e5 2. Nf3 Nc6 3. Bb5 a6 4. Ba4 Nf6 5. d4 exd4 6. 0-0 Be7 7. e5 Ne4 8. Nxd4 Nxd4 9. Qxd4 Nc5 10. Nc3 0-0 11. Bg5 Nxa4 12. Bxe7 Qxe7 13. Nxa4 b6 14. Rfe1 Bb7 15. Nc3 Rfe8 16. Re3 Rad8 17. Nd5 Bxd5 18. Qxd5 Qg5 19. Rae1 d6 20. Qc6 dxe5 21. Qxc7 Re6 22. g3 Rde8 23. a4 h5 24. h4 Qf5 25. Re4 Qf6 26. Qc4 a5 27. Qe2 g6 28. Kg2 Qe7 29. Rd1 1/2-1/2

[Event "Regionalliga NO 0102"]
[Site "Bayern"]
[Date "2002.02.24"]
[Round "6.1"]
[White "Schulte, Ralph"]
[Black "Albrecht, Hans"]
[Result "0-1"]
[WhiteElo "2080"]
[BlackElo "2145"]
[PlyCount "83"]
[EventDate "2001.10.07"]
[EventType "team-tourn"]
[EventRounds "9"]
[EventCountry "GER"]
[SourceTitle "EXT 2003"]
[Source "ChessBase"]
[SourceDate "2002.11.25"]
[SourceVersion "1"]
[SourceVersionDate "2002.11.25"]
[SourceQuality "1"]
[WhiteTeam "Zirndorf II"]
[BlackTeam "Nuernberg II"]
[WhiteTeamCountry "GER"]
[BlackTeamCountry "GER"]

1. e4 e6 2. d4 d5 3. Nc3 Bb4 4. e5 c5 5. Bd2 Ne7 6. Qg4 cxd4 7. Ne4 Bxd2+ 8. Nxd2 0-0 9. Bd3 f5 10. Qg3 Nbc6 11. Ngf3 Bd7 12. a3 a5 13. 0-0 Be8 14. Nb3 Qb6 15. Rfe1 h6 16. Qh3 Ng6 17. Qg3 Bf7 18. Rad1 a4 19. Nbxd4 Nxd4 20. Nxd4 Qxd4 21. Bxf5 Qb6 22. Bxg6 Bxg6 23. Qxg6 Rxf2 24. Kh1 Raf8 25. h3 R2f5 26. c4 dxc4 27. h4 Rf4 28. Re4 Rf1+ 29. Rxf1 Rxf1+ 30. Kh2 Qg1+ 31. Kg3 Qf2+ 32. Kh2 Qg1+ 33. Kg3 Qb6 34. h5 Rf5 35. Qe8+ Rf8 36. Qd7 Qf2+ 37. Kh2 Qf5 38. Qxb7 Qxh5+ 39. Kg3 Qg5+ 40. Kh2 Rf2 41. Re1 Rxb2 42. Qc6 0-1

[Event "Regionalliga NO 0102"]
[Site "Bayern"]
[Date "2002.01.20"]
[Round "4.1"]
[White "Schulte, Ralph"]
[Black "Blodig, Reinhard"]
[Result "1-0"]
[WhiteElo "2080"]
[BlackElo "2195"]
[PlyCount "59"]
[EventDate "2001.10.07"]
[EventType "team-tourn"]
[EventRounds "9"]
[EventCountry "GER"]
[SourceTitle "EXT 2003"]
[Source "ChessBase"]
[SourceDate "2002.11.25"]
[SourceVersion "1"]
[SourceVersionDate "2002.11.25"]
[SourceQuality "1"]
[WhiteTeam "Zirndorf II"]
[BlackTeam "Regensburg II"]
[WhiteTeamCountry "GER"]
[BlackTeamCountry "GER"]

1. e4 d6 2. d4 g6 3. Nc3 Bg7 4. Bg5 Nd7 5. Qd2 c5 6. dxc5 Nxc5 7. Bd3 Bd7 8. Nge2 Qa5 9. 0-0 Rc8 10. Rab1 Nxd3 11. cxd3 b5 12. b4 Qa6 13. d4 Qb7 14. f4 f5 15. Qe3 h6 16. Bh4 Rh7 17. e5 d5 18. e6 Bc6 19. Qg3 g5 20. fxg5 Qc7 21. Qd3 hxg5 22. Bg3 Qb6 23. Qxf5 Bxd4+ 24. Kh1 Nf6 25. Qg6+ Kd8 26. Rxf6 Rh8 27. Rf3 Be8 28. Qf5 Rc4 29. Qxd5+ Kc8 30. Qa8+ 1-0

[Event "Landesliga Nord 0001"]
[Site "Bayern"]
[Date "2001.04.29"]
[Round "9"]
[White "Schulte, Ralph"]
[Black "Feist, Reiner"]
[Result "1-0"]
[WhiteElo "2038"]
[BlackElo "1810"]
[PlyCount "33"]
[EventDate "2000.10.15"]
[EventType "team-tourn"]
[EventRounds "9"]
[EventCountry "GER"]
[SourceTitle "EXT 2020"]
[Source "ChessBase"]
[SourceDate "2019.10.17"]
[SourceVersion "1"]
[SourceVersionDate "2019.10.17"]
[SourceQuality "1"]
[WhiteTeam "Zirndorf"]
[BlackTeam "Erlangen TB"]
[WhiteTeamCountry "GER"]
[BlackTeamCountry "GER"]

1. e4 c5 2. Nf3 Nc6 3. d4 cxd4 4. Nxd4 Nf6 5. Nc3 e5 6. Ndb5 d6 7. Bg5 a6 8. Bxf6 gxf6 9. Na3 f5 10. Bd3 Nd4 11. Nd5 Be6 12. c3 Nc6 13. Bc2 Bxd5 14. Qxd5 fxe4 15. Bxe4 Be7 16. Nc4 Qd7 17. Nb6 1-0

[Event "Regionalliga NO 0001"]
[Site "Bayern"]
[Date "2000.12.10"]
[Round "3.2"]
[White "Schulte, Ralph"]
[Black "Uschold, Jens"]
[Result "0-1"]
[WhiteElo "2038"]
[BlackElo "2120"]
[PlyCount "166"]
[EventDate "2000.10.15"]
[EventType "team-tourn"]
[EventRounds "9"]
[EventCountry "GER"]
[SourceTitle "EXT 2020"]
[Source "ChessBase"]
[SourceDate "2019.10.17"]
[SourceVersion "1"]
[SourceVersionDate "2019.10.17"]
[SourceQuality "1"]
[WhiteTeam "Zirndorf II"]
[BlackTeam "Nuernberg Noris Tarrasch II"]
[WhiteTeamCountry "GER"]
[BlackTeamCountry "GER"]

1. e4 Nc6 2. Nf3 d6 3. d4 Nf6 4. Nc3 g6 5. Be2 Bg7 6. 0-0 0-0 7. h3 e5 8. dxe5 Nxe5 9. Nxe5 dxe5 10. Bg5 c6 11. Qxd8 Rxd8 12. f4 Rd4 13. fxe5 Nxe4 14. Bf6 Bxf6 15. exf6 Be6 16. Nxe4 Rxe4 17. Bd3 Rd4 18. b3 Rad8 19. Kf2 h5 20. Be2 Bf5 21. c3 Rd2 22. Rad1 Kh7 23. Ke3 Rxd1 24. Rxd1 Re8+ 25. Kf2 Re6 26. Bd3 Rxf6 27. Bxf5 Rxf5+ 28. Kg3 Kg7 29. Rd7 b5 30. Rxa7 Rc5 31. Rc7 Rxc3+ 32. Kf4 Rc2 33. g3 b4 34. Rb7 c5 35. Ra7 Rf2+ 36. Ke3 Rg2 37. Kf4 Rh2 38. h4 Rf2+ 39. Ke3 Rc2 40. Ra5 Rc3+ 41. Kf4 Rc2 42. Ke5 Rg2 43. Kf4 Rf2+ 44. Ke4 f5+ 45. Ke5 Rf3 46. Ra7+ Kh6 47. Ra8 Rd3 48. Kf6 Rd6+ 49. Ke5 Rd7 50. Kf6 Rd6+ 51. Kf7 Kh7 52. Rc8 f4 53. gxf4 Rd5 54. Rf8 Rd2 55. Rc8 Rf2 56. Rxc5 Rxf4+ 57. Ke6 Rxh4 58. Ke5 Rh2 59. Rb5 Rxa2 60. Kf4 Kh6 61. Rxb4 g5+ 62. Kg3 h4+ 63. Kh3 Kh5 64. Rb5 Rc2 65. b4 Rc3+ 66. Kg2 Kg4 67. Rd5 Rc2+ 68. Kg1 h3 69. b5 Rb2 70. Rc5 Kg3 71. Rc3+ Kh4 72. Rc4+ g4 73. Kh1 Rxb5 74. Kh2 Rb2+ 75. Kh1 Re2 76. Ra4 Kg3 77. Ra3+ Kf4 78. Ra4+ Kf3 79. Ra3+ Re3 80. Ra4 g3 81. Ra1 g2+ 82. Kh2 Kf2 83. Rf1+ gxf1N+ 0-1

[Event "Regionalliga NO 0001"]
[Site "Bayern"]
[Date "2000.11.12"]
[Round "2.2"]
[White "Mozes, Ervin"]
[Black "Schulte, Ralph"]
[Result "1/2-1/2"]
[WhiteElo "2360"]
[BlackElo "2038"]
[PlyCount "58"]
[EventDate "2000.10.15"]
[EventType "team-tourn"]
[EventRounds "9"]
[EventCountry "GER"]
[SourceTitle "EXT 2020"]
[Source "ChessBase"]
[SourceDate "2019.10.17"]
[SourceVersion "1"]
[SourceVersionDate "2019.10.17"]
[SourceQuality "1"]
[WhiteTeam "Gunzenhausen"]
[BlackTeam "Zirndorf II"]
[WhiteTeamCountry "GER"]
[BlackTeamCountry "GER"]

1. g3 d5 2. Bg2 Nf6 3. Nf3 c6 4. b3 Bf5 5. Bb2 e6 6. d3 h6 7. Nbd2 Be7 8. e4 Bh7 9. 0-0 0-0 10. Re1 a5 11. Qe2 Na6 12. exd5 cxd5 13. Nd4 Re8 14. N2f3 Qb6 15. a4 Rac8 16. Qd2 Nb4 17. Bf1 Bc5 18. c3 Nc6 19. Nb5 d4 20. Nbxd4 Nxd4 21. Nxd4 Bxd4 22. cxd4 Qxb3 23. Ra3 Qb4 24. Qxb4 axb4 25. Rb3 Nd5 26. Bg2 Ra8 27. Re5 Red8 28. Bxd5 Rxd5 29. Rxb4 Bxd3 1/2-1/2

[Event "Regionalliga NO 0001"]
[Site "Bayern"]
[Date "2000.10.15"]
[Round "1.2"]
[White "Schulte, Ralph"]
[Black "Bauer, Andreas"]
[Result "0-1"]
[WhiteElo "2038"]
[BlackElo "2125"]
[PlyCount "102"]
[EventDate "2000.10.15"]
[EventType "team-tourn"]
[EventRounds "9"]
[EventCountry "GER"]
[SourceTitle "EXT 2020"]
[Source "ChessBase"]
[SourceDate "2019.10.17"]
[SourceVersion "1"]
[SourceVersionDate "2019.10.17"]
[SourceQuality "1"]
[WhiteTeam "Zirndorf II"]
[BlackTeam "Postbauer"]
[WhiteTeamCountry "GER"]
[BlackTeamCountry "GER"]

1. e4 c5 2. Nf3 d6 3. d4 cxd4 4. Nxd4 Nf6 5. Nc3 a6 6. Be2 e5 7. Nf3 Be7 8. 0-0 0-0 9. Re1 h6 10. h3 Qc7 11. Nd5 Nxd5 12. exd5 Bf5 13. c4 Nd7 14. b3 a5 15. Bd3 Bxd3 16. Qxd3 Bf6 17. Qd2 a4 18. Bb2 Nc5 19. b4 a3 20. Bc3 Na4 21. Rac1 Nxc3 22. Qxc3 b6 23. Rc2 Rfc8 24. Nd2 g6 25. Nb1 Qa7 26. Qf3 Bg7 27. Nc3 f5 28. Nb5 Qd7 29. Qb3 e4 30. Qg3 Qxb5 31. cxb5 Rxc2 32. Qxd6 Rxa2 33. Qc6 Rf8 34. Qc4 Rd2 35. d6+ Kh8 36. Qc1 Rd3 37. d7 a2 38. Qc8 Kh7 39. Rc1 Rc3 40. Rxc3 a1Q+ 41. Rc1 Qf6 42. Qe8 f4 43. Rc8 Qa1+ 44. Kh2 f3 45. d8Q Qf1 46. gxf3 exf3 47. Qxg6+ Kxg6 48. Rc6+ Kh7 49. Rxh6+ Bxh6 50. Qe7+ Bg7 51. Qe4+ Kh8 0-1